Through the Dark - One Direction (All Lyrics) - Statistics

General Stats
  • This quiz has been taken 54 times
  • The average score is 291 of 361
Answer Stats
Answers % Correct
a
100%
and
100%
And
100%
I
100%
You
100%
you
100%
you)
100%
when
96%
your
96%
on
92%
over
92%
to
92%
carry
88%
dark
88%
fire
88%
for
88%
love
88%
me
88%
Oh
88%
the
88%
through
88%
water
88%
closer
85%
find
85%
heart
85%
hold
85%
night
85%
that
85%
we
85%
will
85%
don't
81%
is
81%
know
81%
way
81%
are
77%
coming
77%
just
77%
see
77%
See
77%
strong
77%
tell
77%
wanna
77%
down
73%
enough
73%
here
73%
Hope
73%
in
73%
lost
73%
again
69%
be
69%
can
69%
you're
69%
but
65%
But
65%
if
65%
stay
65%
I'll
62%
so
62%
even
58%
hiding
58%
let
58%
scream
58%
shout
58%
back
54%
(back
54%
burn
54%
come
54%
it's
54%
only
54%
out
54%
sad
54%
tears
54%
let's
50%
need
50%
never
50%
pain
50%
were
50%
break
46%
easy
46%
hurt
46%
smile
46%
start
46%
there
46%
worry
46%
fall
42%
I'd
42%
it'll
42%
laugh
42%
take
42%
wish
42%
cry
38%
loved
38%
all
35%
could
35%
laughing
31%
or
31%
apart
27%
head
27%
remember
27%
shame
27%
vain
27%
held
23%
No matching quizzes found
Score Distribution
Percent of People with Each Score
Percentile by Number Answered
Your Score History
You have not taken this quiz